Tilastot visalle Euroopan valtiot tyhjällä kartalla

Klikkaa tästä pelataksesi tätä visaa!

Yleistilastot

  • Tätä visaa on pelattu 516 kertaa
  • Keskiarvotulos 41 / 45

Vastaukset kartalla

Vastauksille on annettu kartalla punavihreä väri sen mukaan, kuinka moni on saanut sen oikein.
Ladataan ...
 

Vastaustilastot

Valtio% Oikein
Suomi
100%
Ranska
99%
Norja
98%
Italia
98%
Ruotsi
98%
Saksa
98%
Puola
98%
Espanja
98%
Viro
98%
Latvia
97%
Liettua
97%
Valko-Venäjä
96%
Venäjä
96%
Islanti
95%
Tanska
95%
Slovakia
95%
Tšekki
94%
Kreikka
94%
Slovenia
94%
Portugali
93%
Ukraina
93%
Sveitsi
93%
Yhdistynyt kuningaskunta
93%
Itävalta
93%
Alankomaat
92%
Belgia
92%
Romania
92%
Irlanti
92%
Unkari
91%
Bosnia ja
Hertsegovina
90%
Andorra
89%
Vatikaani
89%
Bulgaria
89%
Kroatia
89%
Luxemburg
88%
Serbia
88%
Albania
86%
Liechtenstein
85%
Malta
84%
Monaco
84%
Pohjois-Makedonia
84%
Kosovo
83%
San Marino
83%
Moldova
83%
Montenegro
78%

Tulosjakauma

Persentiili vastausten määrän mukaan

Jokaisen tuloksen saaneiden osuus

Tuloshistoriasi

Et ole pelannut tätä visaa